Thi ca bình dân Việt Nam Tòa lâu đài văn hóa dân tộc T.1 Nhân sinh quan
vv
Đã lưu trong:
| Tác giả chính: | |
|---|---|
| Định dạng: | Sách |
| Năm xuất bản: |
H.
Hội nhà văn
1998
|
| Chủ đề: | |
| Tags: |
Thêm thẻ
Không có thẻ, Hãy là người đầu tiên gắn thẻ bản ghi này!
|
| LEADER | 00864nam a2200193 4500 | ||
|---|---|---|---|
| 082 | |a 398.8 |b NG527T | ||
| 100 | |a Nguyễn Tấn Long | ||
| 245 | |a Thi ca bình dân Việt Nam |c Nguyễn Tấn Long,Phan Canh |n T.1 |b Tòa lâu đài văn hóa dân tộc |p Nhân sinh quan | ||
| 260 | |a H. |b Hội nhà văn |c 1998 | ||
| 300 | |a 627tr. |c 21cm | ||
| 520 | |a vv | ||
| 653 | |a Văn học dân gian | ||
| 653 | |a Việt Nam | ||
| 653 | |a Ca dao | ||
| 653 | |a Tục ngữ | ||
| 942 | |2 ddc |c STK0 | ||
| 999 | |c 4441 |d 4441 | ||
| 952 | |0 0 |1 0 |2 ddc |4 0 |6 398_800000000000000_NG527T |7 0 |8 300 |9 43612 |a qbu |b qbu |c D2 |d 2014-12-19 |g 58000 |o 398.8 NG527T |p 3814.C1 |r 0000-00-00 |w 2014-12-19 |y STK0 |0 0 |6 398_800000000000000_NG527T | ||
| 952 | |0 0 |1 0 |2 ddc |4 0 |6 398_800000000000000_NG527T |7 0 |8 300 |9 43613 |a qbu |b qbu |c D2 |d 2014-12-19 |g 58000 |o 398.8 NG527T |p 3814.C2 |r 0000-00-00 |w 2014-12-19 |y STK0 |0 0 |6 398_800000000000000_NG527T | ||